00748nam a2200217Ia 450000500170000000800410001704000190005804100120007708200130008910000140010224501080011626000390022430000360026350400410029965000200034065100270036085000100038794200070039799900160040495201100042020230608091542.0131103s9999 xx 000 0 und d aLoreto College aEnglish a937bBUR aBury,J.B. aHistory of the later Roman empireb from the death of Theodosius I to the death of Justinian cJ.B.Bury aNew YorkbDover Publisationsc1958 axxv,471,16 p.b ill.,maps,plans aIncludes bibliographical references  aAncient History aRome - Ancient History aLCLIB cBK c8602d59081 00102ddc4070aMAINbMAINd2013-11-04l2o937 BUR 2579pB8477r2023-05-25s2023-05-22w2013-11-04yBKf